LEADER 00823nac0-22002891i-450- 001 990007046560403321 005 20020214 035 $a000704656 035 $aFED01000704656 035 $a(Aleph)000704656FED01 035 $a000704656 100 $a20020214d1961----km-y0itay50------ba 101 0 $aita 102 $aIT 105 $ay-------001yy 200 1 $a<>Difesa sociale$fFilippo Gramatica 210 $a[S.l.$cs.n.]$d1961$gTipografia della Scuola Ufficiali Carabinieri 215 $aP. 817-822$d24 cm 300 $aEstratto da: , anno 1961, n. 4 676 $a345$v20$zita 700 1$aGramatica,$bFilippo 801 0$aIT$bUNINA$gRICA$2UNIMARC 901 $aBK 912 $a990007046560403321 952 $aBUSTA 5[16] 6$b66834$fFGBC 959 $aFGBC 997 $aUNINA LEADER 01600oam 2200517zu 450 001 9910452966003321 005 20210721055410.0 010 $a1-282-16128-8 010 $a9786612161285 010 $a90-272-9657-X 035 $a(CKB)1000000000549424 035 $a(SSID)ssj0000092624 035 $a(PQKBManifestationID)11990039 035 $a(PQKBTitleCode)TC0000092624 035 $a(PQKBWorkID)10014366 035 $a(PQKB)10514858 035 $a(MiAaPQ)EBC622191 035 $a(EXLCZ)991000000000549424 100 $a20160829d2003 uy 101 0 $aeng 181 $ctxt 182 $cc 183 $acr 200 00$a(In)vulnerable domains in multilingualism 210 31$a[Place of publication not identified]$cJ Benjamins Pub Co$d2003 225 0 $aHamburg studies in multilingualism (In) vulnerable domains in multilingualism 300 $aBibliographic Level Mode of Issuance: Monograph 311 $a1-58811-373-6 311 $a90-272-1921-4 606 $aBilingualism in children 606 $aLanguage acquisition 606 $aLanguages & Literatures$2HILCC 606 $aPhilology & Linguistics$2HILCC 615 0$aBilingualism in children 615 0$aLanguage acquisition 615 7$aLanguages & Literatures 615 7$aPhilology & Linguistics 676 $a404/.2 700 $aMüller$b Natascha$0976839 702 $aMüller$b Natascha 702 $aMèuller$b Natascha 801 0$bPQKB 906 $aBOOK 912 $a9910452966003321 996 $aIn)vulnerable domains in multilingualism$92225351 997 $aUNINA